书目信息 |
| 题名: |
第三帝国内幕
|
|
| 作者: | 施佩尔 著 ;邓蜀生 译 | |
| 分册: | ||
| 出版信息: | 北京 三联书店 1982 |
|
| 页数: | 631页 | |
| 开本: | 21cm | |
| 丛书名: | ||
| 单 册: | ||
| 中图分类: | K516.5 | |
| 科图分类: | ||
| 主题词: | 德意志第三帝国 , 中欧--历史 , 东欧--历史 | |
| 电子资源: | ||
| ISBN: | ||
| 000 | 00800nam0 2200277 45 | |
| 001 | 0182001242 | |
| 005 | 20060511104411.32 | |
| 010 | @dCNY2.05 | |
| 091 | @a11002.594 | |
| 100 | @a19950704d1982 em y0chiy0121 ea | |
| 101 | 1 | @achi@cger |
| 102 | @aCN@b110000 | |
| 105 | @ay z 000yd | |
| 200 | 10 | @a第三帝国内幕@Adi san di guo nei mu@e阿尔贝特·施佩尔回忆录@f(德)阿尔贝特·施佩尔著@F(de)a er bei te·shi pei er zhu@g邓蜀生译 |
| 210 | @a北京@c三联书店@d1982 | |
| 215 | @a631页@d21cm | |
| 600 | 1 | @a施佩尔@bA.@x回忆录 |
| 606 | @a德意志第三帝国 | |
| 606 | 0 | @a中欧@x历史 |
| 606 | 0 | @a东欧@x历史 |
| 690 | @aK516.5@v4 | |
| 701 | 0 | @a施佩尔@Ashi pei er@4著 |
| 702 | 0 | @a邓蜀生@Adeng shu sheng@4译 |
| 801 | 2 | @aCN@bNLC@c20060511 |
| 801 | 0 | @aCN@b上海图书馆@c20040512 |
| 905 | @dK516.5@e6 | |
| 第三帝国内幕:阿尔贝特·施佩尔回忆录/(德)阿尔贝特·施佩尔著/邓蜀生译.-北京:三联书店,1982 |
| 631页;21cm |
| ISBN :CNY2.05 |
| ● |
| 相关链接 |
|
|
|
|
正题名:第三帝国内幕
索取号:K516.5/6
 
预约/预借
| 序号 | 登录号 | 条形码 | 馆藏地/架位号 | 状态 | 备注 |
| 1 | 0077699 | 202324528 | 密集书库/ [索取号:K516.5/6] | 在馆 | |
| 2 | 0077700 | 001395369 | 第二借阅区/ [索取号:K516.5/6] | 在馆 | |
| 3 | 0077701 | 001395396 | 第二样本阅览室/ [索取号:K516.5/6] | 在馆 | |
| 4 | 0077702 | 001395289 | 第二借阅区/ [索取号:K516.5/6] | 在馆 | |
| 5 | 0174720 | 001395387 | 第二借阅区/ [索取号:K516.5/6] | 在馆 | |
| 6 | 0174722 | 001395323 | 第二借阅区/ [索取号:K516.5/6] | 在馆 |